000 00330nam a2200145Ia 4500
008 210210b1952 xxu||||| |||| 00| 0 eng d
041 _aeng
082 _a828/267
100 _aGUNTHER (J)
245 _aEisenhower
260 _aLondon
_bHamish Hamilton
_c1952
650 _aEisenhower
690 _aBiography
906 _a016112
999 _c135516
_d135516